[Event "Vamos jogar"]
[Site "http://www.queenalice.com/game.php?id=408921"]
[Date "2008.5.27"]
[Round "-"]
[White "luiztiago"]
[Black "Isaiasrochac"]
[Result "0-1"]
[WhiteElo "1352"]
[BlackElo "1684"]

1. e4 e5 2. Nf3 d6 3. c3 Nf6 4. d3 Be7 5. Be2 O-O 6. Bg5 Ng4 7. Bxe7 Qxe7 8.
Nbd2 Bd7 9. d4 exd4 10. Nxd4 Ne5 11. N4f3 Nxf3+ 12. Bxf3 Bc6 13. O-O Nd7 14. Re1
Rab8 15. Nc4 Rfe8 16. Re2 Nf6 17. Nd2 Qd8 18. e5 Bxf3 19. Nxf3 dxe5 20. Qxd8
Rbxd8 21. Rxe5 Rxe5 22. Nxe5 Re8 23. f4 Rd8 24. a4 Nh5 25. f5 f6 26. Nc4 Nf4 27.
b4 Ne2+ 0-1

[Event "Let's Play Chess!"]
[Site "http://www.queenalice.com/game.php?id=409898"]
[Date "2008.5.29"]
[Round "-"]
[White "Isaiasrochac"]
[Black "trallala"]
[Result "1-0"]
[WhiteElo "1687"]
[BlackElo "1671"]

1. e4 c5 2. d4 cxd4 3. Qxd4 Nc6 4. Qd1 Nf6 5. Nc3 g6 6. Be2 Bg7 7. Bf3 O-O 8.
Nge2 Ne5 9. Nd4 Nxf3+ 10. Nxf3 d6 11. O-O a6 12. Bd2 b5 13. a3 Bb7 14. Qe2 Rc8
15. Rab1 Nd7 16. Qd1 Nc5 17. Be3 Nxe4 18. Nxe4 Bxe4 19. Qe1 Bxc2 20. Ra1 Bd3 21.
Qb4 Bxf1 22. Rxf1 Rc4 23. Qd2 Qc7 24. b3 Rc2 25. Qd1 Rc8 26. h3 Qc3 27. Qb1 Rb2
28. Qc1 Qxc1 29. Bxc1 1-0

[Event "Let's Play Chess!"]
[Site "http://www.queenalice.com/game.php?id=409908"]
[Date "2008.5.29"]
[Round "-"]
[White "trallala"]
[Black "Isaiasrochac"]
[Result "0-1"]
[WhiteElo "1656"]
[BlackElo "1702"]

1. e4 e5 2. Nf3 d6 3. d4 exd4 4. Nxd4 Bd7 5. Nc3 Nc6 6. Bc4 Nxd4 7. Qxd4 Bc6 8.
O-O Nf6 9. Re1 Be7 10. e5 dxe5 11. Qxe5 O-O 12. Qxe7 Qxe7 13. Rxe7 Rac8 14. Bf4
a6 15. Bb3 h6 16. Rxc7 Rxc7 17. Bxc7 Rc8 18. Bb6 Ne4 19. Nxe4 Bxe4 20. c3 Kf8
21. Re1 Bc6 22. Bc5+ Kg8 23. Bd4 a5 24. Re7 Rf8 25. Bc5 a4 26. Bc4 b5 27. Rc7
Rd8 28. Bxf7+ Kh8 29. Bd4 Be8 30. Bxe8 Rxe8 31. Bxg7+ Kg8 32. Kf1 Re6 33. Bd4
Rg6 34. Rc5 h5 35. Rxb5 h4 36. Rh5 Ra6 37. Rxh4 Kf7 38. Rh7+ Kg6 0-1

[Event "Xadrezando"]
[Site "http://www.queenalice.com/game.php?id=409956"]
[Date "2008.5.29"]
[Round "-"]
[White "SRIVERO"]
[Black "Isaiasrochac"]
[Result "1-0"]
[WhiteElo "1629"]
[BlackElo "1671"]

1. d4 d5 2. c4 dxc4 3. Nf3 e6 4. e3 Nf6 5. Bxc4 Be7 6. O-O O-O 7. Nbd2 a6 8. a4
Bd7 9. Qc2 Bc6 10. Bd3 Nbd7 11. Re1 g6 12. e4 b5 13. axb5 Bxb5 14. b3 Bxd3 15.
Qxd3 Nb6 16. Ng5 Nfd7 17. Nh3 Bf6 18. e5 Bg7 19. Qe2 Nd5 20. Rxa6 Rxa6 21. Qxa6
Nb4 22. Qe2 Nc2 23. Rd1 Nxd4 24. Qg4 Nf5 25. f4 Nb6 26. Ne4 Qa8 27. Nf6+ Bxf6
28. exf6 Nd5 29. Ng5 Nxf6 30. Qh3 Kg7 31. Bb2 Rh8 32. Bxf6+ Kxf6 33. Qc3+ Ke7
34. Qxc7+ Ke8 35. Qxf7# 1-0

[Event "AUTO-INT-856"]
[Site "http://www.queenalice.com/game.php?id=455505"]
[Date "2008.8.29"]
[Round "2"]
[White "Isaiasrochac"]
[Black "marcosbratz"]
[Result "1/2-1/2"]
[WhiteElo "1762"]
[BlackElo "1570"]

1. d4 g6 2. e4 Bg7 3. Nf3 d6 4. d5 Nf6 5. Nc3 O-O 6. Bd3 Bg4 7. O-O a6 8. Be2 c6
9. dxc6 Nxc6 10. Ng5 Bxe2 11. Qxe2 b5 12. a3 Nd4 13. Qd3 e5 14. Nf3 Nxf3+ 15.
Qxf3 Re8 16. Bd2 Rc8 17. Rac1 d5 18. Nxd5 Nxd5 19. exd5 e4 20. Qb3 Rc5 21. Bc3
Bxc3 22. bxc3 Rxd5 23. c4 Rc5 24. cxb5 Rxb5 25. Qc3 Rd5 26. a4 f5 27. Qc4 Re5
28. Qxa6 Ra5 29. Qc4+ Kg7 30. c3 Rac5 31. Qb4 Rc6 32. Rcd1 Rd5 33. Rxd5 Qxd5 34.
Qe7+ Qf7 35. Qxf7+ Kxf7 36. Rc1 Rc4 37. Kf1 Kf6 38. Ke2 Rxa4 39. Rc2 Rc4 40. Ke3
Ke5 41. f3 f4+ 42. Ke2 e3 43. Kd3 Kd5 44. g3 g5 45. g4 h6 46. h3 Kc5 1/2-1/2

[Event "AUTO-INT-856"]
[Site "http://www.queenalice.com/game.php?id=455506"]
[Date "2008.8.29"]
[Round "2"]
[White "marcosbratz"]
[Black "Isaiasrochac"]
[Result "0-1"]
[WhiteElo "1552"]
[BlackElo "1754"]

1. e4 e5 2. Nf3 d6 3. Bc4 Be7 4. d4 exd4 5. Nxd4 Bf6 6. c3 Ne7 7. O-O O-O 8. Nd2
a6 9. a4 Bd7 10. h3 c5 11. N4f3 Nbc6 12. Re1 Na5 13. Bd3 b5 14. axb5 axb5 15.
Nb3 c4 16. Nxa5 cxd3 17. Qxd3 Rxa5 18. Rxa5 Qxa5 19. b4 Qc7 20. Bg5 Bxg5 21.
Nxg5 Ng6 22. e5 dxe5 23. Ne4 Bf5 24. Nf6+ gxf6 25. Qxf5 Qxc3 26. Qxf6 Qxe1+ 27.
Kh2 Qxb4 28. Qb6 Qc4 29. g3 b4 30. h4 b3 31. h5 Ne7 32. Qf6 Qg4 33. Qxe5 Nf5 34.
Kg2 Qxh5 35. f3 Ng7 0-1

[Event "AUTO-INT-856"]
[Site "http://www.queenalice.com/game.php?id=455507"]
[Date "2008.8.29"]
[Round "2"]
[White "Isaiasrochac"]
[Black "saimon"]
[Result "1-0"]
[WhiteElo "1766"]
[BlackElo "1497"]

1. d4 e6 2. e4 Nf6 3. e5 Nd5 4. Nf3 Nc6 5. Bd2 d6 6. Nc3 Be7 7. Nxd5 exd5 8. Be2
O-O 9. O-O dxe5 10. dxe5 Bc5 11. a3 Bf5 12. Bg5 Ne7 13. b4 Bb6 14. Bd3 f6 15.
exf6 gxf6 16. Bh6 Rf7 17. Nh4 Bd4 18. Rb1 a5 19. Bxf5 Qd6 20. bxa5 Rxa5 21. Qxd4
Rxa3 22. Rxb7 c5 23. Qb2 c4 24. Rb8+ Rf8 25. Rxf8# 1-0

[Event "AUTO-INT-856"]
[Site "http://www.queenalice.com/game.php?id=455508"]
[Date "2008.8.29"]
[Round "2"]
[White "saimon"]
[Black "Isaiasrochac"]
[Result "0-1"]
[WhiteElo "1492"]
[BlackElo "1771"]

1. e4 e5 2. Nf3 d5 3. Nc3 d4 4. Nb1 Nc6 5. c3 dxc3 6. Nxc3 Bg4 7. Bc4 Nd4 8. h3
Bxf3 9. gxf3 Nf6 10. O-O Be7 11. Qa4+ c6 12. d3 O-O 13. Be3 Nxf3+ 14. Kg2 Nh4+
15. Kg3 Ng6 16. f4 exf4+ 17. Bxf4 Nh5+ 18. Kg2 Nhxf4+ 19. Rxf4 Nxf4+ 20. Kf3
Nxd3 21. Rd1 Ne5+ 22. Ke2 Qb6 23. h4 Qxb2+ 24. Rd2 Qxc3 0-1

[Event "AUTO-OPEN-1010"]
[Site "http://www.queenalice.com/game.php?id=472707"]
[Date "2008.10.4"]
[Round "2"]
[White "Isaiasrochac"]
[Black "theblackfox"]
[Result "0-1"]
[WhiteElo "1757"]
[BlackElo "1815"]

1. e4 e5 2. d3 Nc6 3. Bd2 Nf6 4. Be2 Bc5 5. Nc3 O-O 6. Nf3 Ng4 7. Be3 Bb4 8. O-O
a5 9. Qc1 b6 10. Nd5 d6 11. a3 Bc5 12. Bxc5 dxc5 13. Qd1 h5 14. Nd2 Nd4 15. c3
Nxe2+ 16. Qxe2 c6 17. Ne3 Qh4 18. Nf3 Qg5 19. Nxg5 f6 20. Nf3 Ba6 21. Qd2 Rfd8
22. Rfd1 b5 23. Nxg4 hxg4 24. Nh4 c4 25. Qc2 cxd3 26. Rxd3 b4 27. Rxd8+ Rxd8 28.
axb4 Bd3 29. Qd2 g5 0-1

[Event "AUTO-OPEN-1010"]
[Site "http://www.queenalice.com/game.php?id=472708"]
[Date "2008.10.4"]
[Round "2"]
[White "theblackfox"]
[Black "Isaiasrochac"]
[Result "1-0"]
[WhiteElo "1800"]
[BlackElo "1772"]

1. e4 e5 2. Nf3 d5 3. exd5 Qxd5 4. Nc3 Qe6 5. Bb5+ Bd7 6. O-O Bxb5 7. Nxb5 Na6
8. Re1 Bd6 9. d4 e4 10. Ng5 Qd7 11. Rxe4+ Ne7 12. Qh5 g6 13. Qh6 Qxb5 14. Qg7
O-O-O 15. Nxf7 Rhg8 16. Qxh7 Rde8 17. Bg5 Nf5 18. a4 Qxb2 19. Rxe8+ Rxe8 20. Rc1
Nxd4 21. Qxg6 Ne2+ 22. Kf1 Qe5 23. Nxe5 Rxe5 24. Re1 Nf4 25. Bxf4 Re7 26. Bxd6
Rxe1+ 27. Kxe1 cxd6 28. Qxd6 Nc7 29. h4 Na6 30. h5 b6 31. h6 1-0

[Event "AUTO-OPEN-1010"]
[Site "http://www.queenalice.com/game.php?id=472709"]
[Date "2008.10.4"]
[Round "2"]
[White "Isaiasrochac"]
[Black "cleber"]
[Result "0-1"]
[WhiteElo "1774"]
[BlackElo "2279"]

1. e4 e5 2. d4 exd4 3. Qxd4 Nc6 4. Qd1 Nf6 5. Bd3 d5 6. exd5 Nxd5 7. Bd2 Ndb4 8.
Bb5 Qd5 9. Bxc6+ Qxc6 10. Bxb4 Bxb4+ 11. c3 Qxg2 12. Qf3 Bh3 13. Nd2 Qxf3 14.
Ngxf3 Bd6 15. O-O-O f6 16. Rhe1+ Kf7 17. Kb1 Rhe8 18. Rxe8 Rxe8 19. Re1 Rxe1+
20. Nxe1 Bf5+ 21. Ka1 Bxh2 22. f3 Bf4 23. Nc4 h5 24. Ng2 Bg3 0-1

[Event "AUTO-OPEN-1010"]
[Site "http://www.queenalice.com/game.php?id=472710"]
[Date "2008.10.4"]
[Round "2"]
[White "cleber"]
[Black "Isaiasrochac"]
[Result "1-0"]
[WhiteElo "2264"]
[BlackElo "1776"]

1. e4 e5 2. Nf3 d5 3. exd5 Qxd5 4. Nc3 Qe6 5. Bb5+ Bd7 6. O-O Be7 7. Re1 Bd6 8.
Nxe5 Bxe5 9. d4 Ne7 10. Rxe5 Qd6 11. Nd5 Bxb5 12. Nxe7 Kf8 13. Nf5 Qg6 14. Qf3
Bc6 15. Qa3+ Kg8 16. Ne7+ Kf8 17. Nxg6+ Kg8 18. Qf8# 1-0

[Event "Slorche"]
[Site "http://www.queenalice.com/game.php?id=477738"]
[Date "2008.10.15"]
[Round "1"]
[White "Barbudo"]
[Black "Isaiasrochac"]
[Result "0-1"]
[WhiteElo "1806"]
[BlackElo "1795"]

1. e4 e5 2. Nf3 d5 3. Nc3 d4 4. Ne2 Nc6 5. Ng3 Be7 6. Bc4 Na5 7. Qe2 Nxc4 8.
Qxc4 Nf6 9. Ng5 O-O 10. O-O Bd7 11. d3 a5 12. a4 c6 13. h3 h6 14. Nf3 Be6 15.
Qxe6 fxe6 16. Nxe5 Nd7 17. Ng6 Rf7 18. Nh5 Kh7 19. Ngf4 Nf6 20. Nxe6 Qd7 21.
Nxf6+ Bxf6 22. Nc5 Qd8 23. Nxb7 Qc7 24. Nc5 Qe5 25. Nb3 c5 26. Nd2 Bg5 27. Nf3
Qe7 28. Nxg5+ hxg5 29. c3 dxc3 30. bxc3 Qe6 31. Bxg5 Qb3 32. Rfc1 c4 33. dxc4
Qxc4 34. Rab1 Qxe4 35. Re1 Qxa4 36. Be3 Raf8 37. Rb6 Qc2 38. Kh2 Qxc3 39. Rc1
Qe5+ 40. g3 Rb8 41. Rc5 Qe8 42. Rh5+ Kg8 43. Rxb8 Qxb8 44. Rxa5 Qb7 45. Ra7 Qf3
46. Ra2 Kh7 47. Ra3 Rf5 48. Ra2 Qh5 49. Ra4 Qe8 50. Ra7 Qc8 51. Bd4 Rg5 52. h4
Rg4 53. f3 Rxd4 54. Ra2 Qc3 55. Rf2 Qe1 56. Rg2 g6 57. Kh3 Qf1 58. g4 Rd2 0-1